|
|
|
|
| LEADER |
01281nam a2200313 a 4500 |
| 001 |
15465955 |
| 008 |
110313s2007 enk b 001 0 eng d |
| 010 |
|
|
|a 2008431220
|
| 020 |
|
|
|a 9780745952680 (pbk.)
|
| 020 |
|
|
|a 0745952682 (pbk.)
|
| 020 |
|
|
|a 9780825462504 (USA)
|
| 035 |
|
|
|a (OCoLC)ocn173499181
|
| 040 |
|
|
|a UKM
|c UKM
|d BTCTA
|d BAKER
|d YDXCP
|d LIQ
|d OCLCG
|d DLC
|d BD-DhAAL
|
| 042 |
|
|
|a lccopycat
|
| 050 |
0 |
0 |
|a BJ1251
|b .E854 2007
|
| 082 |
0 |
4 |
|a 170
|2 22
|
| 100 |
1 |
|
|a Evans, G. R.
|q (Gillian Rosemary)
|
| 245 |
1 |
4 |
|a The good, the bad & the moral dilemma /
|c G.R. Evans.
|
| 246 |
3 |
|
|a Good, the bad, and the moral dilemma
|
| 260 |
|
|
|a Oxford :
|b Lion,
|c 2007.
|
| 300 |
|
|
|a 223 p. ;
|c 20 cm.
|
| 504 |
|
|
|a Includes bibliographical references (p. [205]-214) and index.
|
| 541 |
1 |
|
|e 00022021
|
| 650 |
|
0 |
|a Christian ethics.
|
| 650 |
|
0 |
|a Applied ethics.
|
| 852 |
|
|
|a Ayesha Abed Library
|c General Shelf.
|
| 999 |
|
|
|c 10532
|d 10532
|
| 952 |
|
|
|0 0
|1 0
|2 ddc
|4 0
|6 170_EVA
|7 0
|9 14649
|a BRACUL
|b BRACUL
|c GEN
|d 2011-03-14
|e TRIM EDUCATION
|g 1550.00
|l 19
|m 70
|o 170 EVA
|p 3010022021
|r 2026-05-16
|s 2026-05-13
|t 1
|w 2011-03-14
|y BK
|
| 952 |
|
|
|0 0
|1 0
|2 ddc
|4 0
|6 170_EVA
|7 0
|9 14650
|a BRACUL
|b BRACUL
|c GEN
|d 2011-03-14
|e TRIM EDUCATION
|g 1550.00
|l 10
|m 64
|o 170 EVA
|p 3010022020
|r 2026-05-17
|s 2026-04-25
|t 2
|w 2011-03-14
|y BK
|